|
|
|
|
| LEADER |
00000nkm a2200000 a 4500 |
| 001 |
vtls010688890 |
| 003 |
SK-MaSNL |
| 005 |
20260512125628.0 |
| 007 |
kp bo |
| 008 |
231206s1965 xo |g||||| |00 kuslo |
| 015 |
|
|
|a SNBG
|
| 035 |
|
|
|a 0858FFCF-8B30-4B18-A399-8BA5F354230A
|
| 035 |
|
|
|a urn:nbn:sk:snk-kmxxud
|
| 035 |
|
|
|a urn:nbn:sk:snk-km003sfm
|
| 040 |
|
|
|a SNK
|b slo
|c SNK
|e AACR2
|
| 041 |
0 |
|
|a slo
|
| 043 |
|
|
|a e-xo---
|
| 044 |
|
|
|a xo
|c SK
|
| 080 |
|
|
|a 913(437.6)
|2 2001
|
| 080 |
|
|
|a (084.121)
|2 2001
|
| 080 |
|
|
|a 728.81
|2 2001
|
| 100 |
1 |
|
|a Pisoň, Štefan,
|d 1919-2004
|4 pht
|9 206200
|
| 245 |
1 |
0 |
|a Štátny hrad Červený Kameň
|h grafika
|b východná strana hradu s bastiónmi z prvej polovice 18. stor., nadstavba poschodia z 18. stor.
|c foto Štefan Pisoň
|
| 260 |
|
|
|a [Bratislava]
|b VPL
|c 1965
|
| 300 |
|
|
|a 1 pohľadnica
|b čiernobiela
|c 15 x 11 cm
|
| 610 |
2 |
7 |
|a Červený Kameň (Častá, Slovensko : hrad)
|2 SNKKA
|9 165952
|
| 655 |
|
7 |
|a miestne pohľadnice
|2 SNKPH
|9 70510
|
| 655 |
|
7 |
|a pohľadnice kultúrnych pamiatok
|2 SNKPH
|9 70523
|
| 852 |
|
|
|a Slovenská národná knižnica
|
| 958 |
|
|
|a GC
|
| 958 |
|
|
|a GBN
|
| 958 |
|
|
|a OND
|
| 999 |
|
|
|c 1099513
|d 1101443
|
| 952 |
|
|
|a SNK
|b SNK
|y PREZ
|7 0
|p 17A0639296
|o snkSP 1537
|0 0
|1 0
|4 0
|d 2015-06-26
|f 1
|l 0
|r 2026-02-24 17:26:22
|w 2026-02-24
|